[Event "JBLN West 0001 "]
[Site "Germany"]
[Date "2001.02.24"]
[Round "?"]
[White "Imlau, Robert"]
[Black "Nguyen, Thai Binh"]
[Result "1/2-1/2"]
[WhiteElo "925"]
[BlackElo "1461"]
[PlyCount "53"]
[EventDate "2000.??.??"]
[EventType "team"]
[EventRounds "9"]
[EventCountry "GER"]
[SourceTitle "EXT 2003"]
[Source "ChessBase"]
[SourceDate "2002.11.25"]
[SourceVersion "1"]
[SourceVersionDate "2002.11.25"]
[SourceQuality "1"]

1. d4 d5 2. c4 c6 3. Nc3 Nf6 4. Nf3 g6 5. Bf4 Bg7 6. e3 0-0 7. Be2 Bf5 8. 0-0 Nbd7 9. cxd5 cxd5 10. Qb3 Nb6 11. Be5 Rc8 12. Rac1 Bg4 13. Na4 Nxa4 14. Qxa4 Qb6 15. b4 a6 16. Rc5 Rxc5 17. dxc5 Qe6 18. Rd1 Bxf3 19. Bxf3 Qxe5 20. c6 bxc6 21. Qxc6 Qe6 22. Qb7 Rd8 23. Be2 Rd6 24. a4 Rb6 25. Qa8+ Bf8 26. b5 axb5 27. Bxb5 1/2-1/2

[Event "JBLN West 0001 "]
[Site "Germany"]
[Date "2001.01.14"]
[Round "?"]
[White "Imlau, Robert"]
[Black "Beckmann, Moritz"]
[Result "1/2-1/2"]
[WhiteElo "925"]
[BlackElo "1210"]
[PlyCount "40"]
[EventDate "2000.??.??"]
[EventType "team"]
[EventRounds "9"]
[EventCountry "GER"]
[SourceTitle "EXT 2003"]
[Source "ChessBase"]
[SourceDate "2002.11.25"]
[SourceVersion "1"]
[SourceVersionDate "2002.11.25"]
[SourceQuality "1"]

1. d4 Nf6 2. c4 g6 3. Nc3 Bg7 4. Nf3 d6 5. e3 0-0 6. Bd3 Nbd7 7. 0-0 e5 8. d5 Re8 9. e4 c6 10. Bg5 cxd5 11. cxd5 h6 12. Be3 b6 13. Re1 Rf8 14. Qa4 Ng4 15. Bb5 Nxe3 16. Rxe3 Nc5 17. Qa3 f5 18. Bc6 Bb7 19. Bxb7 Nxb7 20. Nb5 a6 1/2-1/2

[Event "JBLN West 0001 "]
[Site "Germany"]
[Date "2000.11.26"]
[Round "?"]
[White "Imlau, Robert"]
[Black "Lotzin, Felix Christoph"]
[Result "1/2-1/2"]
[WhiteElo "925"]
[BlackElo "855"]
[PlyCount "39"]
[EventDate "2000.??.??"]
[EventType "team"]
[EventRounds "9"]
[EventCountry "GER"]
[SourceTitle "EXT 2003"]
[Source "ChessBase"]
[SourceDate "2002.11.25"]
[SourceVersion "1"]
[SourceVersionDate "2002.11.25"]
[SourceQuality "1"]

1. d4 d5 2. c4 Nf6 3. Nc3 e6 4. Bg5 Bb4 5. Nf3 Bxc3+ 6. bxc3 0-0 7. e3 Qd6 8. Bxf6 gxf6 9. c5 Qe7 10. Bb5 e5 11. 0-0 e4 12. Nh4 c6 13. Be2 b6 14. Bg4 Nd7 15. Nf5 Qd8 16. Bh5 Kh8 17. Nd6 Qe7 18. Nf5 Qe6 19. Bg4 bxc5 20. Nh6 1/2-1/2